[Event "Over 1800 All Play All 1"]
[Site "SchemingMind.com"]
[Date "2021.12.20"]
[Round "-"]
[White "John C. Walton"]
[Black "Raymond de Kemp"]
[Result "1-0"]
[WhiteCountry "USA"]
[BlackCountry "NED"]
[WhiteElo "2592"]
[WhiteRD "96"]
[BlackElo "1820"]
[BlackRD "63"]
[GameID "718525"]

1. e4 d5 2. exd5 Nf6 3. d4 Nxd5 4. c4 Nb6 5. Nf3 g6 6. Nc3 Bg7 7. c5 Nd5 8. Bc4 Nxc3 9. bxc3 O-O 10. O-O Nc6
11. Bg5 Na5 12. Bd3 b6 13. Re1 Re8 14. Rb1 Bb7 15. h4 f6 16. Bd2 e5 17. Bb5 Bc6 18. Bxc6 Nxc6 19. Qb3+ Kh8 20. dxe5 Nxe5
21. Nxe5 fxe5 22. Bg5 Bf6 23. Rbd1 Qe7 24. Rd7 Qe6 25. Qxe6 Rxe6 26. Bxf6+ Rxf6 27. Rxe5 bxc5 28. Ree7 Rb8 29. Rxh7+ Kg8 30. Rdg7+ Kf8
31. Rxc7
1-0

[Event "Over 1800 All Play All 1"]
[Site "SchemingMind.com"]
[Date "2021.12.20"]
[Round "-"]
[White "John C. Walton"]
[Black "eliecercruzr"]
[Result "1-0"]
[WhiteCountry "USA"]
[BlackCountry "CUB"]
[WhiteElo "2592"]
[WhiteRD "95"]
[BlackElo "2264"]
[BlackRD "73"]
[GameID "718526"]

1. d4 d5 2. c4 c6 3. cxd5 cxd5 4. Bf4 Nc6 5. e3 Nf6 6. Nc3 Bf5 7. Qb3 Qb6 8. Qxb6 axb6 9. a3 e6 10. Rc1 Be7
11. Nf3 O-O 12. Nh4 Bg6 13. Nxg6 hxg6 14. Nb5 Rfc8 15. Bd3 Na5 16. Ke2 Nb3 17. Rc2 Rxc2+ 18. Bxc2 Na5 19. Bd3 Nc4 20. Bxc4 dxc4
21. Rc1 Ra5 22. Nd6 Bxd6 23. Bxd6 b5= 24. f3 Ra6 25. Bb4 Nd5 26. Bd2 f6 27. e4 Nb6 28. Kd1 Kf7 29. Kc2 Ke8 30. h4 Kd7
31. Be3 Na4 32. Rd1 Kd6 33. g4 Ra8 34. d5 e5 35. Rh1 Rh8 36. Bd2 Kd7 37. h5 f5 38. gxf5 gxf5 39. Rg1 Rxh5 40. Rxg7+ Kc8
41. exf5 b4 42. b3 Nc5 43. axb4 cxb3+ 44. Kb2 Nd3+ 45. Kxb3 Rxf5 46. d6 Nc5+ 47. bxc5
1-0

[Event "Over 1800 All Play All 1"]
[Site "SchemingMind.com"]
[Date "2021.12.19"]
[Round "-"]
[White "eliecercruzr"]
[Black "John C. Walton"]
[Result "0-1"]
[WhiteCountry "CUB"]
[BlackCountry "USA"]
[WhiteElo "2300"]
[WhiteRD "71"]
[BlackElo "2592"]
[BlackRD "96"]
[GameID "718527"]

1. e4 c5 2. c3 d5 3. exd5 Qxd5 4. d4 g6 5. Nf3 Bg7 6. Be2 cxd4 7. cxd4 Nf6 8. Nc3 Qd6 9. O-O O-O 10. Qb3 Na6
11. Bc4 Nc7 12. Rd1 Be6 13. Bxe6 Nxe6 14. d5 Nc5 15. Qc4 Rfc8 16. Bf4 Qa6 17. Qxa6 Nxa6 18. Rd2 Rd8 19. Re1 Rd7 20. Red1 Nc5
21. Re2 Ne8 22. Be5 Rc8 23. Bxg7 Kxg7 24. Ne5 Rdd8 25. g3 Kf8 26. h3 Nd7 27. f4 Nd6 28. Kg2 Nb6 29. Kf3 Rc7 30. Kg2 Rc5
31. Nd3 Ra5 32. Nf2 Na4 33. Nxa4 Rxa4 34. b3 Ra5 35. Kf3 Ne8 36. Red2 f5 37. g4 Rd6 38. gxf5 gxf5 39. Rc1 Raxd5 40. Rxd5 Rxd5
41. Ke2 Kf7 42. Rc8 Nf6 43. Nd3 Ra5 44. a4 Ra6 45. Rd8 Kg7 46. Kf3 Rd6 47. Rxd6 exd6 48. Ke3 Kg6 49. Ne1 Nd5+ 50. Kf3 Kf6
51. Nc2 a5 52. Nd4 Nc7 53. Ke3 d5 54. Nc2 Ne6 55. b4 axb4 56. Nxb4 d4+ 57. Kf3 Nc5 58. Nc2 Nb3 59. Na3 Ke6 60. Nc4 Kd5
61. Nb6+ Kc5 62. Nc8 d3 63. Ne7 Kc4 64. Ke3 d2 65. Ke2 Kc3 66. Nxf5 Kc2
0-1

[Event "Over 1800 All Play All 1"]
[Site "SchemingMind.com"]
[Date "2021.12.20"]
[Round "-"]
[White "The Stonewall"]
[Black "Robert Hatfield"]
[Result "1-0"]
[WhiteCountry "ENG"]
[BlackCountry "USA"]
[WhiteElo "2302"]
[WhiteRD "72"]
[BlackElo "1777"]
[BlackRD "60"]
[GameID "718564"]

1. d4 Nf6 2. c4 e6 3. Nc3 Bb4 4. f3 d5 5. a3 Bxc3+ 6. bxc3 c5 7. cxd5 Nxd5 8. dxc5 Qa5 9. e4 Nf6 10. Be3 Nc6
11. Qb3 O-O 12. Bb5 Bd7 13. Rb1 e5 14. Ne2 Rad8 15. O-O Be6 16. Bc4 Bxc4 17. Qxc4 Rd7 18. Ng3 Rfd8 19. Bg5 Qxa3 20. Bxf6 gxf6
21. Nh5 Rd2 22. Nxf6+
1-0

[Event "Over 1800 All Play All 1"]
[Site "SchemingMind.com"]
[Date "2021.12.20"]
[Round "-"]
[White "Robert Hatfield"]
[Black "The Stonewall"]
[Result "0-1"]
[WhiteCountry "USA"]
[BlackCountry "ENG"]
[WhiteElo "1777"]
[WhiteRD "60"]
[BlackElo "2302"]
[BlackRD "72"]
[GameID "718565"]

1. c4 g6 2. Nc3 Bg7 3. g3 d6 4. Bg2 e5 5. d3 f5 6. Nf3 Nf6 7. O-O O-O 8. Bd2 h6 9. b4 Nc6 10. b5 Ne7
11. Qc2 g5 12. e4 Qe8 13. Nd5 Nexd5 14. cxd5 Qxb5 15. a4 Qe8 16. Qxc7 fxe4 17. dxe4 Nxe4 18. Be3 Rf7 19. Qa5 Bf5 20. Nd2 Nf6
21. Rfc1 Bd3 22. Nc4 Rd7 23. Qe1 e4 24. Ra3 Qh5 25. Rxd3 exd3 26. Qd1 Qxd1+ 27. Rxd1 Rc8 28. Nd2 b6 29. Bd4 Rc2 30. Bxf6 Bxf6
31. Ne4 Be5 32. Rxd3 Rc1+ 33. Bf1 Rdc7 34. Kg2 R7c4
0-1

[Event "Over 1800 All Play All 1"]
[Site "SchemingMind.com"]
[Date "2021.12.20"]
[Round "-"]
[White "Robert Bruce"]
[Black "Robert Hatfield"]
[Result "1-0"]
[WhiteCountry "SCO"]
[BlackCountry "USA"]
[WhiteElo "2387"]
[WhiteRD "73"]
[BlackElo "1785"]
[BlackRD "63"]
[GameID "718566"]

1. f4 d5 2. Nf3 c5 3. e3 g6 4. Bb5+ Bd7 5. Qe2 Nf6 6. b3 Bg7 7. Bb2 Nc6 8. Bxc6 Bxc6 9. Ne5 O-O 10. Nxc6 bxc6
11. O-O d4 12. Na3 Qd7 13. e4 e5 14. f5 Nh5 15. g3 gxf5 16. Qxh5
1-0

[Event "Over 1800 All Play All 1"]
[Site "SchemingMind.com"]
[Date "2021.12.20"]
[Round "-"]
[White "Robert Hatfield"]
[Black "Robert Bruce"]
[Result "0-1"]
[WhiteCountry "USA"]
[BlackCountry "SCO"]
[WhiteElo "1777"]
[WhiteRD "60"]
[BlackElo "2357"]
[BlackRD "68"]
[GameID "718567"]

1. c4 e6 2. e4 c5 3. Nf3 a6 4. d4 cxd4 5. Nxd4 Nf6 6. Nc3 Qc7 7. Be2 Bb4 8. Qc2 Bxc3+ 9. bxc3 d6 10. O-O Nbd7
11. Bg5 h6 12. Bxf6 Nxf6 13. f4 e5 14. fxe5 dxe5 15. Nf5 Qc5+ 16. Kh1 Bxf5 17. exf5 O-O 18. Qb3 Ne4 19. Qxb7 Nf2+ 20. Rxf2 Qxf2
21. Bf3 Rac8 22. Qxa6 e4 23. Bxe4 Rce8 24. Qc6 Qe3
0-1

[Event "Over 1800 All Play All 1"]
[Site "SchemingMind.com"]
[Date "2021.12.20"]
[Round "-"]
[White "William Lindberg"]
[Black "Robert Hatfield"]
[Result "1-0"]
[WhiteCountry "USA"]
[BlackCountry "USA"]
[WhiteElo "2482"]
[WhiteRD "67"]
[BlackElo "1777"]
[BlackRD "60"]
[GameID "718568"]

1. e4 e6 2. d4 d5 3. Nd2 c5 4. Ngf3 Nc6 5. exd5 exd5 6. Bb5 Qe7+ 7. Be2 Qc7 8. O-O Nf6 9. Re1 Be6 10. Bb5 a6
11. Bxc6+ bxc6 12. Nb3 c4 13. Nc5 Bxc5 14. dxc5 O-O 15. Qd4 Rab8 16. Bf4 Qb7 17. Bxb8 Qxb8 18. b3 h6 19. bxc4 Ne4 20. Ne5 Qc7
21. Rab1 Rd8 22. Rb6
1-0

[Event "Over 1800 All Play All 1"]
[Site "SchemingMind.com"]
[Date "2021.12.20"]
[Round "-"]
[White "Robert Hatfield"]
[Black "William Lindberg"]
[Result "0-1"]
[WhiteCountry "USA"]
[BlackCountry "USA"]
[WhiteElo "1777"]
[WhiteRD "60"]
[BlackElo "2482"]
[BlackRD "67"]
[GameID "718569"]

1. c4 e5 2. Nc3 Nf6 3. g3 h6 4. Bg2 Bb4 5. e4 d6 6. Nge2 O-O 7. O-O Nc6 8. d4 Bxc3 9. bxc3 b6 10. Be3 Ba6
11. c5 dxc5 12. d5 Na5 13. Re1 c6 14. dxc6 Qc7 15. Qa4 Rfd8 16. Nc1 Ng4 17. h3 Nxe3 18. Rxe3 Qxc6 19. Qc2 Nc4 20. Re1 Rd2
21. Qb3 Qf6 22. f3 Qg5
0-1

[Event "Over 1800 All Play All 1"]
[Site "SchemingMind.com"]
[Date "2021.12.21"]
[Round "-"]
[White "Raymond de Kemp"]
[Black "Robert Hatfield"]
[Result "1-0"]
[WhiteCountry "NED"]
[BlackCountry "USA"]
[WhiteElo "1797"]
[WhiteRD "61"]
[BlackElo "1755"]
[BlackRD "61"]
[GameID "718570"]

1. d4 Nf6 2. Bg5 d5 3. Nf3 Bg4 4. e3 Nbd7 5. Be2 g6 6. h3 Bxf3 7. Bxf3 Bg7 8. Nc3 c6 9. Qd2 O-O 10. O-O-O c5
11. Nxd5 cxd4 12. exd4 Nb6 13. Nxf6+ exf6 14. Bf4 Nd5 15. Bh2 Rc8 16. g4 b5 17. h4 Nb6 18. b3 Qe7 19. Rhe1 Qa3+ 20. Kb1 f5
21. gxf5 b4 22. Bd6 Rfd8 23. Bxb4
1-0

[Event "Over 1800 All Play All 1"]
[Site "SchemingMind.com"]
[Date "2021.12.21"]
[Round "-"]
[White "Robert Hatfield"]
[Black "Raymond de Kemp"]
[Result "1-0"]
[WhiteCountry "USA"]
[BlackCountry "NED"]
[WhiteElo "1755"]
[WhiteRD "61"]
[BlackElo "1797"]
[BlackRD "61"]
[GameID "718571"]

1. c4 Nf6 2. Nc3 g6 3. g3 Bg7 4. Bg2 O-O 5. d4 d6 6. Nf3 c6 7. O-O d5 8. cxd5 cxd5 9. h3 Nc6 10. Kh2 Nh5
11. Bg5 h6 12. Be3 e6 13. Rc1 Bd7 14. Qd2 Ne7 15. Bxh6 Nf5 16. Bg5 f6 17. Bf4 Nxf4 18. Qxf4 Bh6 19. Qg4 Bxc1 20. Qxg6+ Ng7
21. Rxc1 Be8 22. Qd3 Nh5 23. Nh4 f5 24. Qe3 Bd7 25. Qh6 Ng7 26. Nxd5 exd5 27. Bxd5+ Ne6 28. Bxe6+ Bxe6 29. Qxe6+ Rf7 30. Nxf5 Kf8
31. f4 Qe8 32. Qd6+ Kg8 33. Qg6+ Kf8 34. Rc2 Qd7 35. Qd6+ Qxd6 36. Nxd6 Rd7 37. Nf5 Re8 38. Kg2 Kf7 39. Kf3 Kf6 40. e4
1-0

[Event "Over 1800 All Play All 1"]
[Site "SchemingMind.com"]
[Date "2021.12.21"]
[Round "-"]
[White "Robert Hatfield"]
[Black "John C. Walton"]
[Result "0-1"]
[WhiteCountry "USA"]
[BlackCountry "USA"]
[WhiteElo "1785"]
[WhiteRD "63"]
[BlackElo "2537"]
[BlackRD "118"]
[GameID "718572"]

1. c4 e5 2. Nc3 Bb4 3. e4 Nf6 4. g3 d6 5. Nge2 Bg4 6. Bg2 Nc6 7. O-O Bxc3 8. dxc3 Qd7 9. Bg5 h5 10. Qd2 Nh7
11. Rae1 Nxg5 12. f4 Nh3+
0-1

[Event "Over 1800 All Play All 1"]
[Site "SchemingMind.com"]
[Date "2021.12.21"]
[Round "-"]
[White "John C. Walton"]
[Black "Robert Hatfield"]
[Result "1-0"]
[WhiteCountry "USA"]
[BlackCountry "USA"]
[WhiteElo "2577"]
[WhiteRD "113"]
[BlackElo "1777"]
[BlackRD "60"]
[GameID "718573"]

1. d4 Nf6 2. c4 e6 3. Nf3 b6 4. g3 Ba6 5. b3 Bb4+ 6. Bd2 Be7 7. Bg2 d5 8. cxd5 exd5 9. O-O O-O 10. Nc3 Re8
11. a3 c5 12. dxc5 bxc5 13. Ne5 Bb7 14. Bf4 Nbd7 15. Nc4 Nb6 16. Na5 Ba6 17. b4 Qd7 18. Qb3 Qf5 19. Nc6 Bc4 20. Nxe7+ Rxe7
21. Qb1 Qxb1 22. Rfxb1 cxb4 23. Rxb4 Rd8 24. a4 Nbd7 25. Rd1 a5 26. Rbb1 Ne4 27. Nxe4 dxe4 28. Bh3 Kf8 29. Bc7 Ke8 30. Bxd8 Kxd8
31. Rb7
1-0

[Event "Over 1800 All Play All 1"]
[Site "SchemingMind.com"]
[Date "2021.12.21"]
[Round "-"]
[White "Robert Hatfield"]
[Black "eliecercruzr"]
[Result "0-1"]
[WhiteCountry "USA"]
[BlackCountry "CUB"]
[WhiteElo "1777"]
[WhiteRD "60"]
[BlackElo "2280"]
[BlackRD "73"]
[GameID "718574"]

1. c4 Nf6 2. Nc3 e5 3. g3 Bb4 4. e4 Nc6 5. Bg2 d6 6. h3 Be6 7. d3 Bc5 8. Nf3 O-O 9. Be3 Bxe3 10. fxe3 Ne7
11. Qe2 Ng6 12. O-O-O c6 13. Kb1 Rb8 14. d4 b5 15. cxb5 cxb5 16. dxe5 b4 17. exf6 bxc3 18. fxg7 Kxg7
0-1

[Event "Over 1800 All Play All 1"]
[Site "SchemingMind.com"]
[Date "2021.12.21"]
[Round "-"]
[White "eliecercruzr"]
[Black "Robert Hatfield"]
[Result "1-0"]
[WhiteCountry "CUB"]
[BlackCountry "USA"]
[WhiteElo "2280"]
[WhiteRD "73"]
[BlackElo "1777"]
[BlackRD "60"]
[GameID "718575"]

1. e4 e6 2. d3 d5 3. Nd2 c5 4. Ngf3 Nc6 5. g3 Bd6 6. Bg2 Nge7 7. O-O O-O 8. Re1 Qc7 9. Qe2 f6 10. c3 d4
11. Nc4 e5 12. cxd4 cxd4 13. a3 Be6 14. Bd2 a5 15. Rac1 Bxc4 16. Rxc4 b5 17. Rc2 Qb6 18. Nh4 Rac8 19. Bh3 Ra8 20. Be6+ Kh8
21. Qh5 b4 22. Rec1 Rac8 23. Bxc8 Rxc8 24. Nf5 Rg8 25. Nxd6
1-0